书目信息 |
| 题名: |
优生优育导论
|
|
| 作者: | 王雁 著 | |
| 分册: | ||
| 出版信息: | 北京 教育科学出版社 2003 |
|
| 页数: | 12,299页 | |
| 开本: | 24cm | |
| 丛书名: | ||
| 单 册: | ||
| 中图分类: | R169.1 | |
| 科图分类: | ||
| 主题词: | 优生优育--概论 | |
| 电子资源: | ||
| ISBN: | 7-5041-2600-4 | |
| 000 | 00684nam0 2200217 450 | |
| 001 | 1560400743 | |
| 005 | 20150126164655.76 | |
| 010 | @a7-5041-2600-4@dCNY30.00 | |
| 100 | @a20031226d2003 em y0chiy50 ea | |
| 101 | 0 | @achi |
| 102 | @aCN@b110000 | |
| 105 | @ay z 000yy | |
| 200 | 1 | @a优生优育导论@9you sheng you yu dao lun@f王雁著 |
| 210 | @a北京@c教育科学出版社@d2003 | |
| 215 | @a12,299页@d24cm | |
| 330 | @a本书从影响优生优育的遗传、环境质量、药物、营养等因素入手,提出趋利避害的措施,并注重对国内外新理论、新技术及方法的介绍。 | |
| 606 | 0 | @a优生优育@x概论 |
| 690 | @aR169.1@v5 | |
| 701 | 0 | @a王雁@9wang yan@4著 |
| 801 | 0 | @aCN@bTSSF@c20150126 |
| 905 | @aZUCC@dR169.1@eJY1 | |
| 优生优育导论/王雁著.-北京:教育科学出版社,2003 |
| 12,299页;24cm |
| ISBN 7-5041-2600-4:CNY30.00 |
| 本书从影响优生优育的遗传、环境质量、药物、营养等因素入手,提出趋利避害的措施,并注重对国内外新理论、新技术及方法的介绍。 |
| ● |
| 相关链接 |
|
|
|
|
正题名:优生优育导论
索取号:R169.1/JY1
 
预约/预借
| 序号 | 登录号 | 条形码 | 馆藏地/架位号 | 状态 | 备注 |
| 1 | 7846659 | 278466599 | 学院路分馆/ [索取号:R169.1/JY1] | 在馆 | |
| 2 | 7860792 | 278607928 | 学院路分馆/ [索取号:R169.1/JY1] | 在馆 |